Tailoring Innovation Policies to Sectors and Regions - The Case of Slovakia

Salvato in:
Dettagli Bibliografici
Autore principale: Šipikal, Miroslav, 1976-
Natura: Capitolo di libro
Lingua:inglese
Soggetti:
Tags: Aggiungi Tag
Nessun Tag, puoi essere il primo ad aggiungerne!!

MARC

LEADER 00000naa a2200000 4500
001 0182931
005 20260216084606.5
041 0 |a eng 
044 |a DE 
245 1 0 |a Tailoring Innovation Policies to Sectors and Regions - The Case of Slovakia  |c Miroslav Šipikal 
610 2 0 |a inovácia 
610 2 0 |a politika 
610 2 0 |a podpora podnikania 
610 2 0 |a priemysel automobilový 
610 2 0 |a priemysel drevársky 
100 1 |a Šipikal, Miroslav, 1976-